| 000 | 00684cam a22002172 4500 | ||
|---|---|---|---|
| 001 | 0000000153 | ||
| 005 | 20151021151038.0 | ||
| 008 | 070111s xx 000 0 eng d | ||
| 020 |
_a047127318X : _cGBP 35.43 |
||
| 040 |
_aKABU _cKABU |
||
| 100 | 1 |
_aGordon, Steven R. _@0000161231 |
|
| 245 | 1 | 0 |
_aInformation systems : _ba management approach / _cSteven R. Gordon, Judith R. Gordon. |
| 250 | _a3rd ed. | ||
| 260 |
_aHoboken, NJ : _bWiley, _c2004. |
||
| 300 | _axxvi, 428 p. | ||
| 650 | 0 |
_aManagement information systems. _@0000148209 |
|
| 700 | 1 |
_aGordon, Judith R. _@0000150824 |
|
| 908 | _a070111 | ||
| 950 | _@1 | ||
| 999 |
_c38 _d38 |
||